Medicamentos de alto costo y su cobertura. Panorama actual / (Registro nro. 5358)
[ vista simple ]
| 000 -LEADER | |
|---|---|
| fixed length control field | 01126nab a22002417a 4500 |
| 003 - CONTROL NUMBER IDENTIFIER | |
| control field | OSt |
| 005 - DATE AND TIME OF LATEST TRANSACTION | |
| control field | 20250225205129.0 |
| 008 - FIXED-LENGTH DATA ELEMENTS--GENERAL INFORMATION | |
| fixed length control field | 190603e xxum|||| |||| 00| 0 spa d |
| 040 ## - CATALOGING SOURCE | |
| Transcribing agency | PJ-TDF |
| 100 ## - MAIN ENTRY--PERSONAL NAME | |
| 9 (RLIN) | 6124 |
| Personal name | Del Hoyo, Nicolás E. |
| 245 10 - TITLE STATEMENT | |
| Title | Medicamentos de alto costo y su cobertura. Panorama actual / |
| Statement of responsibility, etc | Nicolás E. del Hoyo. |
| 260 ## - PUBLICATION, DISTRIBUTION, ETC. (IMPRINT) | |
| Date of publication, distribution, etc | Ciudad Autónoma de Buenos Aires : |
| Place of publication, distribution, etc | Thomson Reuters La Ley, |
| Name of publisher, distributor, etc | 2024. |
| 300 ## - PHYSICAL DESCRIPTION | |
| Extent | p. 14-19 |
| 500 ## - GENERAL NOTE | |
| General note | Cita: TR LALEY AR/DOC/2916/2024.<br/> |
| 505 ## - FORMATTED CONTENTS NOTE | |
| Formatted contents note | Sumario: I. Introducción.— II. Definiendo un problema.— III. El rol de las agencias de evaluación de tecnologías sanitarias y otros tipos de regulación por el Estado.— IV. Conclusión. |
| 505 ## - FORMATTED CONTENTS NOTE | |
| Title | ¿Te interesa el texto completo? Solicitalo al correo: koha@justierradelfuego.gov.ar |
| 650 #0 - SUBJECT ADDED ENTRY--TOPICAL TERM | |
| 9 (RLIN) | 1253 |
| Topical term or geographic name as entry element | DERECHO A LA SALUD |
| 650 #0 - SUBJECT ADDED ENTRY--TOPICAL TERM | |
| 9 (RLIN) | 4613 |
| Topical term or geographic name as entry element | COBERTURA MEDICA |
| 650 #0 - SUBJECT ADDED ENTRY--TOPICAL TERM | |
| 9 (RLIN) | 5612 |
| Topical term or geographic name as entry element | MEDICAMENTOS |
| 650 #0 - SUBJECT ADDED ENTRY--TOPICAL TERM | |
| 9 (RLIN) | 6128 |
| Topical term or geographic name as entry element | POLÍTICA SANITARIA |
| 773 0# - HOST ITEM ENTRY | |
| Host Biblionumber | 2713 |
| Host Itemnumber | 3170 |
| Place, publisher, and date of publication | Ciudad Autónoma de Buenos Aires : Thomson Reuters La Ley, 2015- |
| Title | Revista Código Civil y Comercial. Nº 6 - Diciembre 2024 |
| 942 ## - ADDED ENTRY ELEMENTS (KOHA) | |
| Source of classification or shelving scheme | |
| Koha item type | Analítica Artículo de Revista |
No hay ítems disponibles.
